000 00464cam a22002052a 4500
001 011877
003 AR-FADEU
008 311216n1989####xxu####################dd
020 _a2-7101-0748-4
092 _a371.54
_bQ1
245 _aQuand et comment punir les enfants?
260 _aParis
260 _bESF
260 _c1989
300 _a157 p.
440 _aLa vie de l'enfant
650 _aEDUCACION-CASTIGO
546 _afrancés
942 _cBDGR
999 _c17650
_d17650